000 01256nam a22002897a 4500
005 20090624111731.0
008 090624t xxu||||| |||| 00| 0 eng d
010 _aENG-94216
020 _a9788183563338
_c625.00
035 _aEN-77749
037 _bDBAD / VEN
040 _adpl
_bEnglish
082 _a333.9516
100 _aPanigrahy, Rajib Lochan
245 _aBiodiversity conservation and sustainable development /
_cby Rajib Lochan Panigrahy [and] Lingararj Patro
260 _aNew Delhi
_bDiscovery Publishing House
_c2009
270 _a4831/24, Ansari Road, Prahlad Street, Darya Ganj,
_bNew Delhi
_e110002
300 _a167p.
_c22cm(Hb)
500 _aIncludes glossary and index
650 _aNature conservation
_xEconomic aspects
650 _aSustainable development
_xEnvironmental aspects
650 _aBiodiversity conservation
_xEconomic aspects
700 _aPatro, Lingaraj
942 _2ddc
_cEN
_mPAN
_h333.9516
999 _c27827
_d27827